[Event "2nd EUR-ch (w)"]
[Site "Warsaw POL"]
[Date "2001.04.25"]
[Round "4.58"]
[White "Sosnowska, Elzbieta"]
[Black "Bogza, Adina"]
[Result "1/2-1/2"]
[WhiteElo "2095"]
[BlackElo "2252"]
[EventDate "2001.04.21"]
[PlyCount "79"]

1.e4 d6 2.d4 Nf6 3.Nc3 g6 4.f4 Bg7 5.Nf3 O-O 6.e5 Nfd7 7.h4 Nb6 8.h5 Bg4 
9.hxg6 fxg6 10.Bd3 Qd7 11.Qe2 dxe5 12.dxe5 Nc6 13.Be3 Nb4 14.Be4 e6 15.Bc5
N4d5 16.Bxf8 Nxf4 17.Qf2 Rxf8 18.Qg3 Bxf3 19.gxf3 Bxe5 20.Qg5 Nc4 21.Rd1 
Qg7 22.Ne2 Nd6 23.Nxf4 Bxf4 24.Qg4 Qe5 25.Rxd6 cxd6 26.Rxh7 Bg5 27.Rxb7 
Rf4 28.Rb8+ Kg7 29.Qg1 Rxe4+ 30.fxe4 Qxe4+ 31.Kd1 Qf3+ 32.Ke1 Qe4+ 33.Kd1 
Qd5+ 34.Ke2 Qe5+ 35.Kd3 Qf5+ 36.Kc3 Qf3+ 37.Kb4 Qe4+ 38.Kb3 Qd5+ 39.Ka3 
Qa5+ 40.Kb3 1/2-1/2

[Event "2nd EUR-ch (w)"]
[Site "Warsaw POL"]
[Date "2001.04.25"]
[Round "4.59"]
[White "Khmiadashvili, Tamara"]
[Black "Jiretorn, Eva"]
[Result "1-0"]
[WhiteElo "2241"]
[BlackElo "2106"]
[EventDate "2001.04.21"]
[PlyCount "115"]

1.e4 c5 2.Nc3 Nc6 3.f4 e6 4.Nf3 Nge7 5.Bb5 Nd4 6.O-O a6 7.Be2 Nec6 8.d3 
Be7 9.Be3 O-O 10.Qd2 b5 11.Bd1 Bb7 12.Qf2 Qc7 13.Kh1 Nxf3 14.Bxf3 b4 15.
Ne2 d6 16.g4 f5 17.g5 g6 18.exf5 Rxf5 19.Ng3 Rff8 20.Qg2 Rab8 21.Kg1 d5 
22.Qh3 Nd8 23.Bg4 Qc6 24.d4 cxd4 25.Bxd4 Bc5 26.Ne2 Qb6 27.Qe3 Bxd4 28.
Nxd4 Bc8 29.h3 Qd6 30.Rae1 Rb6 31.Rf2 a5 32.Kg2 Rf7 33.Kg3 Re7 34.h4 Nb7 
35.Qe5 Qxe5 36.Rxe5 Nc5 37.Bf3 Rc7 38.b3 a4 39.h5 axb3 40.axb3 gxh5 41.Rh2
Bd7 42.f5 Ne4+ 43.Bxe4 dxe4 44.fxe6 Be8 45.Rxe4 Kg7 46.Rf2 Bg6 47.e7 Rc3+ 
48.Kh2 Be8 49.Ne6+ Rxe6 50.Rxe6 Rc5 51.Rf8 Rxc2+ 52.Kg3 Rc8 53.Rd6 h6 54.
gxh6+ Kh7 55.Rd8 Rc3+ 56.Kh4 Re3 57.Rdxe8 Re4+ 58.Kh3 1-0

[Event "2nd EUR-ch (w)"]
[Site "Warsaw POL"]
[Date "2001.04.25"]
[Round "4.60"]
[White "Velcheva, Maria"]
[Black "Reszka, Malgorzata"]
[Result "1/2-1/2"]
[WhiteElo "2244"]
[BlackElo "2119"]
[EventDate "2001.04.21"]
[PlyCount "75"]

1.e4 c6 2.d4 d5 3.Nc3 dxe4 4.Nxe4 Bf5 5.Ng3 Bg6 6.h4 h6 7.Nf3 e6 8.Ne5 Bh7
9.Bd3 Bxd3 10.Qxd3 Nf6 11.Bd2 Nbd7 12.f4 Qc7 13.O-O-O c5 14.f5 Nxe5 15.
dxe5 c4 16.Qe2 Nd5 17.fxe6 O-O-O 18.exf7 c3 19.Bxc3 Kb8 20.Bd4 Qxf7 21.Qf2
Qe6 22.Bxa7+ Ka8 23.Bc5 Qxe5 24.Rd3 Bxc5 25.Qxc5 Qf4+ 26.Kb1 Nc7 27.Qe3 
Qg4 28.Qf3 Qxf3 29.Rxf3 Rd2 30.Rg1 Rhd8 31.Kc1 Ne6 32.Ne4 Re2 33.Ng3 Nd4 
34.Rd3 Rxc2+ 35.Kb1 Rf2 36.Rgd1 Rxg2 37.h5 Rc8 38.Rxd4 1/2-1/2

[Event "2nd EUR-ch (w)"]
[Site "Warsaw POL"]
[Date "2001.04.25"]
[Round "4.61"]
[White "Andersson, Christin"]
[Black "Sikorova, Olga"]
[Result "0-1"]
[WhiteElo "2115"]
[BlackElo "2236"]
[EventDate "2001.04.21"]
[PlyCount "116"]

1.e4 d5 2.exd5 Nf6 3.d4 Nxd5 4.Nf3 Bg4 5.Be2 e6 6.O-O Nc6 7.c4 Nb6 8.Be3 
Bxf3 9.Bxf3 Nxc4 10.Bxc6+ bxc6 11.Qa4 Nb6 12.Qxc6+ Qd7 13.Qxd7+ Kxd7 14.
Nd2 Nd5 15.Nc4 Bd6 16.Rac1 Rhb8 17.Rfd1 a5 18.Bd2 a4 19.Kf1 h5 20.Bc3 f6 
21.g3 h4 22.Rd2 hxg3 23.hxg3 a3 24.Nxd6 axb2 25.Bxb2 cxd6 26.a3 Rb3 27.
Rcc2 Nb6 28.Kg2 d5 29.Rd1 Nc4 30.Bc1 Ra7 31.Rh1 Rd3 32.Rh7 Ke8 33.Rh4 Kf7 
34.Rh8 Rxd4 35.Rc3 Rd1 36.Rb8 Kg6 37.Rb4 Ra8 38.a4 e5 39.Rc2 Rh8 40.Be3 
Nxe3+ 41.fxe3 Rdh1 42.Rh4 R8xh4 43.gxh4 Ra1 44.Kg3 Rxa4 45.Rd2 d4 46.e4 
Kh5 47.Rg2 Ra3+ 48.Kh2 g6 49.Rf2 Ra6 50.Kh3 d3 51.Rd2 Ra4 52.Rxd3 Rxe4 53.
Rd8 Rxh4+ 54.Kg3 Kg5 55.Re8 Ra4 56.Rg8 e4 57.Re8 f5 58.Re6 Ra2 0-1

[Event "2nd EUR-ch (w)"]
[Site "Warsaw POL"]
[Date "2001.04.25"]
[Round "4.62"]
[White "Just, Anita"]
[Black "Moshina, Cristina"]
[Result "0-1"]
[WhiteElo "2061"]
[BlackElo "2235"]
[EventDate "2001.04.21"]
[PlyCount "102"]

1.e4 c5 2.Nf3 Nc6 3.d4 cxd4 4.Nxd4 Nf6 5.Nc3 d6 6.Be2 e5 7.Nf3 Be7 8.O-O 
O-O 9.h3 h6 10.Be3 Be6 11.Nh2 d5 12.exd5 Nxd5 13.Nxd5 Bxd5 14.Nf3 f5 15.
Bb5 f4 16.Bc1 e4 17.Nd4 Qb6 18.Nxc6 bxc6 19.Ba4 e3 20.Bb3 exf2+ 21.Kh1 
Bxb3 22.axb3 Bc5 23.Bd2 f3 24.Ba5 fxg2+ 25.Kxg2 Qb7 26.Qg4 Bd4 27.Bc3 Bb6 
28.Be5 Rae8 29.Bd6 Rf7 30.Kh1 Qd7 31.Qxd7 Rxd7 32.Bf4 Re2 33.Rac1 g5 34.
Bg3 Be3 35.Ra1 Rxc2 36.Be5 c5 37.Kg2 Rf7 38.Rad1 Bd4 39.Bxd4 cxd4 40.Rxd4 
Rxb2 41.Rd3 Kg7 42.Kg3 Rb7 43.Rxf2 R2xb3 44.Rff3 Rxd3 45.Rxd3 a5 46.Ra3 
Rb5 47.Kg4 Kg6 48.Ra1 Rb4+ 49.Kg3 a4 50.Kf3 Rb3+ 51.Kg4 h5# 0-1

[Event "2nd EUR-ch (w)"]
[Site "Warsaw POL"]
[Date "2001.04.25"]
[Round "4.63"]
[White "Dolzhikova, Olga"]
[Black "Chmielinska, Alicja"]
[Result "1/2-1/2"]
[WhiteElo "2229"]
[BlackElo "2047"]
[EventDate "2001.04.21"]
[PlyCount "61"]

1.e4 e5 2.d4 exd4 3.Qxd4 Nc6 4.Qe3 Nf6 5.e5 Ng4 6.Qe4 d5 7.exd6+ Be6 8.Ba6
Qxd6 9.Bxb7 Qb4+ 10.Qxb4 Nxb4 11.Na3 Rd8 12.Bf3 Bc5 13.Bxg4 Bxg4 14.Nf3 
O-O 15.O-O Bxf3 16.gxf3 Rfe8 17.Be3 Bxe3 18.fxe3 Rxe3 19.Rad1 Rde8 20.c3 
Nc6 21.Nc4 Re2 22.Rd7 R8e7 23.Rfd1 f6 24.Rxe7 Rxe7 25.Kf2 Kf7 26.b4 Ke8 
27.a4 Ne5 28.Nxe5 Rxe5 29.Rd4 Rh5 30.Kg3 Ke7 31.Rd2 1/2-1/2

[Event "2nd EUR-ch (w)"]
[Site "Warsaw POL"]
[Date "2001.04.25"]
[Round "4.64"]
[White "Hagesather, Ellen"]
[Black "Mamedyarova, Zeinab"]
[Result "0-1"]
[WhiteElo "2093"]
[BlackElo "2226"]
[EventDate "2001.04.21"]
[PlyCount "154"]

1.Nf3 Nf6 2.g3 g6 3.Bg2 Bg7 4.O-O O-O 5.d3 d6 6.e4 Nc6 7.c3 Rb8 8.a4 a6 9.
a5 e5 10.Nbd2 h6 11.Nc4 Be6 12.b3 Qd7 13.Bb2 Rbd8 14.Qe2 Qc8 15.d4 exd4 
16.Nxd4 Nxd4 17.cxd4 Nxe4 18.d5 Bxb2 19.Nxb2 Bxd5 20.Bxe4 Qe6 21.Rfe1 Rfe8
22.f3 Bxe4 23.fxe4 Qxb3 24.Qf2 Rd7 25.Re3 Qb5 26.Nd1 Qe5 27.Raa3 Rde7 28.
Nc3 c6 29.Rd3 Re6 30.Rb3 R8e7 31.Qb6 Rf6 32.Rb1 h5 33.Rf1 Rxf1+ 34.Kxf1 d5
35.exd5 Qe1+ 36.Kg2 Re2+ 37.Nxe2 Qxe2+ 38.Kg1 Qxd3 39.Qd8+ Kg7 40.d6 Qd1+ 
41.Kg2 Qe2+ 42.Kg1 Qd1+ 43.Kg2 Qd2+ 44.Kg1 g5 45.d7 h4 46.gxh4 gxh4 47.Qc7
h3 48.Qg3+ Kf8 49.Qa3+ Kg8 50.Qxh3 Qd1+ 51.Kf2 Qd2+ 52.Kf1 Qd1+ 53.Kf2 
Qd4+ 54.Ke2 Kf8 55.Qa3+ c5 56.Qxc5+ Qxc5 57.d8=Q+ Kg7 58.h4 Qe5+ 59.Kd3 
Qf5+ 60.Kc4 Qc2+ 61.Kb4 Qb2+ 62.Kc4 Qb5+ 63.Kd4 Qb4+ 64.Ke5 Qe1+ 65.Kf5 
Qf2+ 66.Ke5 f6+ 67.Ke6 Qe3+ 68.Kf5 Qf3+ 69.Ke6 Qe4+ 70.Kd7 Qd5+ 71.Kc8 
Qxd8+ 72.Kxd8 f5 73.Kc7 f4 74.Kxb7 f3 75.Kxa6 f2 76.Kb7 f1=Q 77.a6 Qb5+ 
0-1

[Event "2nd EUR-ch (w)"]
[Site "Warsaw POL"]
[Date "2001.04.25"]
[Round "4.69"]
[White "Saljova-Orsagova, Silvie"]
[Black "Erenska, Hanna"]
[Result "1-0"]
[WhiteElo "2142"]
[BlackElo "2246"]
[EventDate "2001.04.21"]
[PlyCount "113"]

1.d4 d6 2.Nf3 Bg4 3.c4 Bxf3 4.gxf3 Nd7 5.Nc3 g6 6.Bh3 Bg7 7.f4 c6 8.f5 Qb6
9.e3 O-O-O 10.a3 Nh6 11.Rg1 Kb8 12.b4 Rhe8 13.Rb1 e6 14.fxe6 fxe6 15.c5 
dxc5 16.Na4 Qc7 17.bxc5 Nf6 18.Qb3 Nf5 19.f4 Re7 20.Nb2 Nh4 21.Bg2 g5 22.
Nc4 gxf4 23.Nd6 f3 24.Bf1 Rxd6 25.cxd6 Qxd6 26.Qc2 Qd5 27.Bc4 Qh5 28.e4 
f2+ 29.Qxf2 Nf3+ 30.Kf1 Nxg1 31.Kxg1 Qg4+ 32.Qg2 Qxg2+ 33.Kxg2 Nxe4 34.
Bf4+ e5 35.dxe5 Bxe5 36.Bh6 Nc3 37.Re1 Kc8 38.Bf8 Rg7+ 39.Bxg7 Bxg7 40.Re7
Bd4 41.Rxh7 b5 42.Be6+ Kb8 43.h4 c5 44.h5 a5 45.Rd7 Be5 46.h6 b4 47.axb4 
cxb4 48.Rf7 Nd1 49.Bb3 Nb2 50.Rf5 Bc3 51.Rxa5 Nd3 52.Kf3 Ne5+ 53.Ke4 Ng4 
54.Ra6 Kb7 55.Rg6 Nf6+ 56.Kf5 Nd7 57.Rg7 1-0

[Event "2nd EUR-ch (w)"]
[Site "Warsaw POL"]
[Date "2001.04.25"]
[Round "4.70"]
[White "Winter, Astrid"]
[Black "Benderac, Ana"]
[Result "0-1"]
[WhiteElo "2135"]
[BlackElo "2230"]
[EventDate "2001.04.21"]
[PlyCount "118"]

1.e4 d6 2.d4 Nf6 3.Nc3 g6 4.f4 Bg7 5.Nf3 c6 6.Bd3 O-O 7.O-O b5 8.a3 Qb6 9.
Kh1 a6 10.Qe1 Bg4 11.e5 Nd5 12.Nxd5 cxd5 13.c3 Nc6 14.Qg3 Bxf3 15.Qxf3 e6 
16.Qg3 Na5 17.f5 exf5 18.exd6 Nb3 19.Rb1 Nxc1 20.Rbxc1 Rad8 21.d7 Rxd7 22.
Rce1 Qd6 23.Qf3 Rdd8 24.Re2 Qd7 25.Rfe1 Rfe8 26.Kg1 Rxe2 27.Qxe2 Bf6 28.g3
Kg7 29.Kg2 h5 30.h4 Rb8 31.Qf2 Rb6 32.Qf4 Qc6 33.Qd2 Qd6 34.Re2 Qc7 35.Qe1
f4 36.Re8 fxg3 37.Qxg3 Qd7 38.Re2 Re6 39.Rxe6 Qxe6 40.Qh3 Qe1 41.Qf3 Bxh4 
42.a4 bxa4 43.Bxa6 Qd2+ 44.Qe2 Qxe2+ 45.Bxe2 Be1 46.Bf3 a3 47.bxa3 Bxc3 
48.Bxd5 Bxd4 49.a4 g5 50.Be4 Ba7 51.a5 Kf6 52.a6 g4 53.Bc6 Kg5 54.Bd5 f6 
55.Bc6 h4 56.Kh2 h3 57.Bd5 Kh4 58.Bb7 g3+ 59.Kh1 g2+ 0-1

[Event "2nd EUR-ch (w)"]
[Site "Warsaw POL"]
[Date "2001.04.25"]
[Round "4.71"]
[White "Guzik, Jolanta"]
[Black "Tetenkina, Irina"]
[Result "1/2-1/2"]
[WhiteElo "2111"]
[BlackElo "2221"]
[EventDate "2001.04.21"]
[PlyCount "76"]

1.c4 e5 2.Nc3 Nc6 3.g3 g6 4.Bg2 Bg7 5.e3 d6 6.Nge2 Bg4 7.d3 Qd7 8.h3 Be6 
9.Rb1 h5 10.b4 h4 11.g4 f5 12.b5 Nd8 13.g5 Qe7 14.f4 exf4 15.exf4 Bxc4 16.
dxc4 Bxc3+ 17.Kf2 Ba5 18.Nd4 Kf8 19.Bb2 Rh7 20.Qd3 Rb8 21.Bd5 Qd7 22.Kg2 
Re7 23.Nb3 Bb6 24.Rhe1 Ne6 25.Bxe6 Rxe6 26.c5 Rbe8 27.Rxe6 Rxe6 28.cxb6 
axb6 29.Bc3 Re4 30.Kf3 Qe6 31.Rd1 Ne7 32.Bf6 Nd5 33.Qxd5 Re3+ 34.Kf2 Re2+ 
35.Kf1 Qe3 36.Bg7+ Ke7 37.Bf6+ Kf8 38.Bg7+ Ke7 1/2-1/2

[Event "2nd EUR-ch (w)"]
[Site "Warsaw POL"]
[Date "2001.04.25"]
[Round "4.72"]
[White "Grigoryan, Meri"]
[Black "Partac, Elena"]
[Result "0-1"]
[WhiteElo "2052"]
[BlackElo "2216"]
[EventDate "2001.04.21"]
[PlyCount "38"]

1.e4 c5 2.Nc3 Nc6 3.f4 g6 4.Nf3 Bg7 5.Bb5 Nd4 6.Nxd4 cxd4 7.Ne2 Qb6 8.Bd3 
d6 9.b3 Bd7 10.a4 a6 11.Bb2 Bc6 12.Ng3 Nf6 13.Qe2 O-O 14.h3 e5 15.Qf2 Rae8
16.fxe5 Nxe4 17.Bxe4 Bxe4 18.O-O-O Bxc2 19.Rde1 dxe5 0-1

[Event "2nd EUR-ch (w)"]
[Site "Warsaw POL"]
[Date "2001.04.25"]
[Round "4.73"]
[White "Heymann, Ulrike"]
[Black "Apanaviciute, Kristina"]
[Result "1/2-1/2"]
[WhiteElo "2188"]
[BlackElo "2019"]
[EventDate "2001.04.21"]
[PlyCount "69"]

1.e4 e5 2.Bc4 Nf6 3.d3 c6 4.Nf3 d5 5.Bb3 Bd6 6.Nc3 dxe4 7.Ng5 O-O 8.Ncxe4 
Nxe4 9.Nxe4 Bf5 10.Nxd6 Qxd6 11.O-O Nd7 12.Qf3 Qg6 13.Re1 e4 14.dxe4 Rfe8 
15.Bd2 Bxe4 16.Rxe4 Rxe4 17.Bxf7+ Qxf7 18.Qxe4 Re8 19.Qd4 c5 20.Qd3 Ne5 
21.Qg3 Nc6 22.Be3 b6 23.h3 Nb4 24.Rc1 Nxa2 25.Rd1 Nb4 26.c3 Nd5 27.Bh6 Nf6
28.Be3 Nd5 29.Bg5 Nf6 30.Bxf6 Qxf6 31.Rd7 a6 32.Kh2 Rd8 33.Ra7 a5 34.Rb7 
h6 35.Rb8 1/2-1/2

[Event "2nd EUR-ch (w)"]
[Site "Warsaw POL"]
[Date "2001.04.25"]
[Round "4.74"]
[White "Ornstein, Petra"]
[Black "Kharashkina, Bairta"]
[Result "0-1"]
[WhiteElo "2035"]
[BlackElo "2173"]
[EventDate "2001.04.21"]
[PlyCount "84"]

1.e4 c6 2.d4 d5 3.e5 c5 4.dxc5 e6 5.b4 a5 6.c3 axb4 7.cxb4 b6 8.Be3 bxc5 
9.bxc5 Bxc5 10.Bb5+ Bd7 11.Bxc5 Bxb5 12.Nd2 Nd7 13.Bd6 Ne7 14.Ne2 Nf5 15.
O-O Nxd6 16.exd6 Qb6 17.Rb1 Bxe2 18.Qxe2 Qxd6 19.Nf3 O-O 20.Ng5 h6 21.Nh3 
Ra4 22.f4 Rfa8 23.Rb2 Nf6 24.g4 Re4 25.Qg2 g6 26.Kh1 Qa3 27.g5 Ng4 28.gxh6
Ne3 29.Rf3 Nxg2 30.Rxa3 Rxa3 31.Rb8+ Kh7 32.Ng5+ Kxh6 33.Nxe4 dxe4 34.Kxg2
Rxa2+ 35.Kg3 e3 36.Rb1 e2 37.Re1 Kh5 38.h3 Ra3+ 39.Kg2 Re3 40.Kf2 Re4 41.
Kf3 f5 42.Kg3 e5 0-1

[Event "2nd EUR-ch (w)"]
[Site "Warsaw POL"]
[Date "2001.04.26"]
[Round "5.3"]
[White "Hunt, Harriet"]
[Black "Gaponenko, Inna"]
[Result "0-1"]
[WhiteElo "2426"]
[BlackElo "2373"]
[EventDate "2001.04.21"]
[PlyCount "70"]

1.e4 c5 2.Nf3 d6 3.d4 cxd4 4.Nxd4 Nf6 5.Nc3 g6 6.Be3 Bg7 7.f3 O-O 8.Qd2 
Nc6 9.Bc4 Bd7 10.O-O-O Rc8 11.Bb3 Nxd4 12.Bxd4 b5 13.h4 a5 14.a4 bxa4 15.
Nxa4 Bxa4 16.Bxa4 Rc4 17.Bb3 Nxe4 18.Qe3 Rxd4 19.Rxd4 Ng3 20.Rdd1 Nxh1 21.
Rxh1 Qb8 22.Qe4 d5 23.Qa4 Qe5 24.c3 Rb8 25.Rd1 e6 26.Kc2 Bh6 27.Kb1 Qe2 
28.Bc2 Qxg2 29.h5 Qxf3 30.hxg6 hxg6 31.Qxa5 Bf4 32.Qa7 Be5 33.Rg1 Kf8 34.
Qc5+ Kg7 35.Qe7 Rxb2+ 0-1

[Event "2nd EUR-ch (w)"]
[Site "Warsaw POL"]
[Date "2001.04.26"]
[Round "5.4"]
[White "Graf-Mamedova, Rena"]
[Black "Prudnikova, Svetlana"]
[Result "1/2-1/2"]
[WhiteElo "2353"]
[BlackElo "2419"]
[EventDate "2001.04.21"]
[PlyCount "107"]

1.d4 Nf6 2.c4 e6 3.Nc3 Bb4 4.e3 O-O 5.Ne2 d5 6.a3 Be7 7.cxd5 exd5 8.b4 c6 
9.Ng3 b5 10.Bd2 a5 11.bxa5 Rxa5 12.a4 b4 13.Na2 c5 14.dxc5 Bxc5 15.Nxb4 d4
16.Nd3 dxe3 17.fxe3 Re8 18.Bxa5 Qxa5+ 19.Qd2 Qxd2+ 20.Kxd2 Bxe3+ 21.Kc2 
Nc6 22.Nb2 Nd4+ 23.Kb1 Nd5 24.Ra3 Bd2 25.Nd1 Re1 26.Bb5 Nc3+ 27.Rxc3 Bxc3 
28.Rxe1 Bxe1 29.Kb2 g6 30.Ne2 Nxb5 31.axb5 Bb7 32.g3 f5 33.Ndc3 g5 34.Kc2 
Kf7 35.Kd3 Kf6 36.Na4 Bf2 37.Nb2 Be4+ 38.Kc3 Bf3 39.Nd4 Bg2 40.Nd3 Bg1 41.
Ne1 Be4 42.Nef3 Bf2 43.Kd2 f4 44.gxf4 gxf4 45.Ke2 Be3 46.Nc6 h6 47.Nce5 
Kf5 48.Nf7 Bd5 49.Nxh6+ Kg6 50.Ng4 Bc4+ 51.Ke1 Bxb5 52.Nxe3 fxe3 53.Nd4 
Ba6 54.Ne2 1/2-1/2

[Event "2nd EUR-ch (w)"]
[Site "Warsaw POL"]
[Date "2001.04.26"]
[Round "5.5"]
[White "Kovalevskaya, Ekaterina"]
[Black "Danielian, Elina"]
[Result "1-0"]
[WhiteElo "2506"]
[BlackElo "2369"]
[EventDate "2001.04.21"]
[PlyCount "93"]

1.e4 c6 2.d4 d5 3.e5 Bf5 4.Nf3 e6 5.Be2 Nd7 6.O-O Ne7 7.Nh4 c5 8.Bg5 Bg6 
9.Na3 f6 10.Nb5 Nc6 11.exf6 gxf6 12.Bf4 Kf7 13.c4 Nxd4 14.Bc7 Qc8 15.cxd5 
exd5 16.Bg3 Nxe2+ 17.Qxe2 Qc6 18.Rfe1 a6 19.Nc7 Rc8 20.Ne6 Bd6 21.f4 Rce8 
22.f5 Be5 23.Bxe5 Nxe5 24.Nf4 Kg7 25.fxg6 hxg6 26.Nf3 d4 27.Qe4 Qxe4 28.
Rxe4 g5 29.Ne2 Nxf3+ 30.gxf3 f5 31.Rxe8 Rxe8 32.Ng3 Kf6 33.Rc1 d3 34.Kf2 
b6 35.b3 g4 36.Rd1 f4 37.Ne4+ Kf5 38.Rxd3 Rh8 39.Kg1 gxf3 40.Nf2 b5 41.
Rxf3 c4 42.Kf1 Rc8 43.bxc4 Rxc4 44.Ra3 b4 45.Rxa6 f3 46.Nd3 Ke4 47.Ne1 1-0

[Event "2nd EUR-ch (w)"]
[Site "Warsaw POL"]
[Date "2001.04.26"]
[Round "5.7"]
[White "Zhukova, Natalia"]
[Black "Radziewicz, Iweta"]
[Result "1/2-1/2"]
[WhiteElo "2463"]
[BlackElo "2345"]
[EventDate "2001.04.21"]
[PlyCount "91"]

1.d4 c5 2.d5 g6 3.g3 d6 4.Bg2 Bg7 5.Nf3 Nf6 6.O-O O-O 7.c4 e6 8.Nc3 exd5 
9.cxd5 Re8 10.Bf4 a6 11.a4 h6 12.Qc1 g5 13.Bd2 Bf5 14.h4 g4 15.Nh2 Kh7 16.
e4 Bg6 17.Qd1 h5 18.Bg5 Nbd7 19.f3 gxf3 20.Bxf3 Qb6 21.Rf2 Kg8 22.Nf1 c4 
23.a5 Qc7 24.Ne3 Nc5 25.Bxf6 Bxf6 26.Bxh5 Bxc3 27.Bxg6 fxg6 28.bxc3 Nxe4 
29.Rf3 Qg7 30.Ng4 Re7 31.Qc2 Rf8 32.Re3 Rfe8 33.Rf1 Kh8 34.Ref3 Nc5 35.Qc1
Nd3 36.Qg5 Ne5 37.Rf6 Rf7 38.Nxe5 Rxf6 39.Rxf6 Rxe5 40.Qf4 Rf5 41.Rxf5 
gxf5 42.Qxd6 Qxc3 43.Qh6+ Kg8 44.Qg6+ Kh8 45.Qh6+ Kg8 46.Qg6+ 1/2-1/2

[Event "2nd EUR-ch (w)"]
[Site "Warsaw POL"]
[Date "2001.04.26"]
[Round "5.8"]
[White "Kiseleva, Natalia"]
[Black "Khurtsidze, Nino"]
[Result "1/2-1/2"]
[WhiteElo "2296"]
[BlackElo "2456"]
[EventDate "2001.04.21"]
[PlyCount "70"]

1.d4 Nf6 2.c4 e6 3.Nf3 d5 4.Nc3 Bb4 5.cxd5 exd5 6.Bg5 h6 7.Bh4 g5 8.Bg3 
Ne4 9.Nd2 Nxg3 10.hxg3 c6 11.e3 Bf5 12.Be2 Nd7 13.a3 Bf8 14.O-O Bg7 15.e4 
dxe4 16.Ndxe4 O-O 17.Nd6 Be6 18.Qc2 Qb6 19.Nf5 Bxf5 20.Qxf5 Nf6 21.Qd3 
Rfd8 22.Rfd1 Rd6 23.Bf3 Rad8 24.d5 Nxd5 25.Nxd5 cxd5 26.Rd2 Qa6 27.Qf5 Rf6
28.Qg4 Rfd6 29.Rad1 d4 30.Be4 Qb5 31.Bd3 Qd7 32.Qe4 Kf8 33.Qh7 Qe7 34.Qf5 
Rd5 35.Qf3 Re5 1/2-1/2

[Event "2nd EUR-ch (w)"]
[Site "Warsaw POL"]
[Date "2001.04.26"]
[Round "5.9"]
[White "Ionescu-Brandis, Irina"]
[Black "Bojkovic, Natasa"]
[Result "0-1"]
[WhiteElo "2339"]
[BlackElo "2447"]
[EventDate "2001.04.21"]
[PlyCount "52"]

1.e4 c5 2.g3 g6 3.Bg2 Bg7 4.d3 d6 5.f4 e5 6.Nf3 Ne7 7.O-O O-O 8.c3 exf4 9.
Bxf4 Nbc6 10.Na3 d5 11.exd5 Nxd5 12.Bg5 Qd7 13.Qd2 Nc7 14.Rad1 Ne6 15.Bh6 
Qc7 16.Bxg7 Nxg7 17.Qf2 Ne5 18.Nxe5 Qxe5 19.d4 cxd4 20.Rxd4 Be6 21.Rb4 
Rab8 22.Qxa7 b6 23.Nc2 Nf5 24.Re1 Qc5+ 25.Nd4 Bc4 26.Qa3 Rfe8 0-1

[Event "2nd EUR-ch (w)"]
[Site "Warsaw POL"]
[Date "2001.04.26"]
[Round "5.10"]
[White "Kosintseva, Tatiana"]
[Black "Stepovaya-Dianchenko, Tatiana"]
[Result "1-0"]
[WhiteElo "2333"]
[BlackElo "2440"]
[EventDate "2001.04.21"]
[PlyCount "124"]

1.e4 c6 2.d4 d5 3.exd5 cxd5 4.c4 Nf6 5.Nc3 e6 6.Nf3 Bb4 7.Bd3 dxc4 8.Bxc4 
O-O 9.O-O a6 10.a3 Bxc3 11.bxc3 b5 12.Bd3 Bb7 13.a4 Qd5 14.Qe2 Rc8 15.Bd2 
Ne4 16.axb5 axb5 17.Bxe4 Qxe4 18.Qxb5 Rxa1 19.Rxa1 Bd5 20.Re1 Qg6 21.Qe2 
Nd7 22.Nh4 Qc2 23.Rc1 Qa2 24.Qd3 Nf6 25.h3 h6 26.Be1 Be4 27.Qe3 Bb7 28.Nf3
Ne4 29.Ne5 Nd6 30.f3 Bd5 31.Qd2 Qa3 32.Rb1 f6 33.Nd3 Nc4 34.Qe2 Qd6 35.Nc5
Ra8 36.Bf2 Ra3 37.Qc2 Qf4 38.Re1 Kf7 39.Qe2 Qf5 40.Rc1 Nd6 41.Qd3 Qg5 42.
Be3 Qh5 43.Ne4 Nc4 44.Bf2 Ra2 45.Rc2 Ra1+ 46.Kh2 Qg6 47.Re2 Kg8 48.Qc2 Qe8
49.Nc5 Qc6 50.Qg6 Ra3 51.Bh4 Qc7+ 52.Bg3 Qf7 53.Qd3 Ra1 54.Re1 Rxe1 55.
Bxe1 Qh5 56.Bg3 Qg5 57.Qe2 Kf7 58.Nd3 Nb6 59.Nb4 Bc4 60.Qe4 Bd5 61.Qb1 Nc4
62.h4 Nd2 1-0

[Event "2nd EUR-ch (w)"]
[Site "Warsaw POL"]
[Date "2001.04.26"]
[Round "5.11"]
[White "Foisor, Cristina"]
[Black "Korbut, Ekaterina"]
[Result "1-0"]
[WhiteElo "2408"]
[BlackElo "2330"]
[EventDate "2001.04.21"]
[PlyCount "85"]

1.c4 e5 2.g3 Nf6 3.Bg2 d5 4.cxd5 Nxd5 5.Nf3 Nc6 6.O-O Nb6 7.d3 Be7 8.Nbd2 
O-O 9.b3 Be6 10.Bb2 f6 11.a3 a5 12.Qc2 Qd7 13.Rfd1 Rfd8 14.Nc4 Bf8 15.d4 
e4 16.Nfd2 f5 17.Nxb6 cxb6 18.e3 Rac8 19.Qb1 Qf7 20.Bc1 Ne7 21.Nc4 Nd5 22.
Bd2 b5 23.Ne5 Qc7 24.Rc1 Qb6 25.Rxc8 Rxc8 26.Qe1 a4 27.bxa4 bxa4 28.Bf1 
Rc2 29.Rb1 Qc7 30.Bb5 Nc3 31.Bxc3 Rxc3 32.Bxa4 Bxa3 33.Rxb7 Rc1 34.Rxc7 
Rxe1+ 35.Kg2 Rc1 36.Ra7 h6 37.Ra6 Bd5 38.Bd7 Bb4 39.Rb6 Be1 40.Rb8+ Kh7 
41.Bxf5+ g6 42.Bxg6+ Kg7 43.Rb5 1-0

[Event "2nd EUR-ch (w)"]
[Site "Warsaw POL"]
[Date "2001.04.26"]
[Round "5.12"]
[White "Sudakova, Irina"]
[Black "Galianina-Ryanova, Yulia"]
[Result "0-1"]
[WhiteElo "2256"]
[BlackElo "2389"]
[EventDate "2001.04.21"]
[PlyCount "74"]

1.e4 c5 2.Nf3 Nc6 3.d4 cxd4 4.Nxd4 Nf6 5.Nc3 d6 6.Bc4 e6 7.Be3 a6 8.Bb3 
Be7 9.Qe2 O-O 10.O-O-O Qc7 11.g4 Nxd4 12.Rxd4 e5 13.Rdd1 Bxg4 14.f3 Be6 
15.Rhg1 Kh8 16.f4 b5 17.f5 Bxb3 18.axb3 b4 19.Nd5 Nxd5 20.Rxd5 a5 21.Qg4 
Bf6 22.h4 a4 23.bxa4 Rxa4 24.Kd1 Rc8 25.Ke2 Ra2 26.Kf3 Rxb2 27.Rd2 b3 28.
cxb3 Rxb3 29.Kf2 Rcb8 30.Rgd1 Rb2 31.h5 h6 32.Qe2 Qc3 33.Kf1 Rxd2 34.Rxd2 
Rb1+ 35.Kg2 Qc1 36.Kg3 Qh1 37.Qh2 Qxe4 0-1

[Event "2nd EUR-ch (w)"]
[Site "Warsaw POL"]
[Date "2001.04.26"]
[Round "5.13"]
[White "Celuskina, Irina"]
[Black "Popova, Natalia"]
[Result "1-0"]
[WhiteElo "2388"]
[BlackElo "2308"]
[EventDate "2001.04.21"]
[PlyCount "97"]

1.Nf3 Nf6 2.g3 g6 3.Bg2 Bg7 4.O-O O-O 5.c4 c6 6.d4 d5 7.cxd5 cxd5 8.Ne5 
Ng4 9.Nxg4 Bxg4 10.Nc3 Nc6 11.h3 Bd7 12.e3 e6 13.Bd2 Rc8 14.Ne2 Qb6 15.b4 
Ne7 16.Nf4 Nf5 17.a4 Nd6 18.Nd3 Nc4 19.b5 Qc7 20.Bb4 Rfe8 21.Re1 Qd8 22.
Qb3 a5 23.Bc3 b6 24.Red1 Nd6 25.Ne5 f6 26.Nc6 Bxc6 27.bxc6 Nc4 28.e4 Rxc6 
29.Qb5 Rd6 30.Re1 Rf8 31.exd5 exd5 32.Re6 Rd7 33.Bxd5 Rxd5 34.Qxc4 Kh8 35.
Qc6 f5 36.Rae1 Rd7 37.d5 Bxc3 38.Qxc3+ Kg8 39.Qb3 Rd6 40.Re7 f4 41.g4 f3 
42.Qc4 b5 43.axb5 Qb6 44.Rc7 Rf7 45.Rc8+ Kg7 46.g5 Rd8 47.Re8 Rxe8 48.Rxe8
Rc7 49.Qf4 1-0

[Event "2nd EUR-ch (w)"]
[Site "Warsaw POL"]
[Date "2001.04.26"]
[Round "5.14"]
[White "Polovnikova, Ekaterina"]
[Black "Dimitrijevic, Aleksandra"]
[Result "1-0"]
[WhiteElo "2377"]
[BlackElo "2152"]
[EventDate "2001.04.21"]
[PlyCount "117"]

1.e4 c5 2.Nf3 e6 3.c3 Nf6 4.e5 Nd5 5.d4 cxd4 6.cxd4 d6 7.Nc3 Nxc3 8.bxc3 
Nc6 9.exd6 Bxd6 10.Bd3 f6 11.O-O O-O 12.Bc2 Ne7 13.Re1 Qc7 14.Qd3 Ng6 15.
h4 Re8 16.h5 Nf8 17.Nd2 Qf7 18.Ne4 Bc7 19.Qf3 f5 20.Nc5 Rb8 21.Ba4 b5 22.
Bb3 a5 23.a3 a4 24.Ba2 Bb7 25.Nxb7 Rxb7 26.Bd2 Bd6 27.Rab1 Bxa3 28.Re5 Bd6
29.Rxf5 Qd7 30.Rg5 h6 31.Rg4 Kh8 32.Re1 Nh7 33.Rge4 Nf8 34.Qd3 b4 35.cxb4 
Bxb4 36.Bxb4 Rxb4 37.Qc3 Rb5 38.d5 Qe7 39.dxe6 Rxh5 40.Qf3 Ra5 41.Rf4 Nh7 
42.Qc3 Rc5 43.Qe3 Nf6 44.Rxa4 Rb8 45.Qg3 Rf8 46.Bb1 Rfc8 47.Qe3 Rc3 48.Qd2
R3c6 49.Ra5 Rd8 50.Ra7 Qe8 51.Qe2 Rdc8 52.e7 Rc1 53.Bf5 R8c7 54.Rxc7 Rxc7 
55.Qe5 Rb7 56.Qd6 Ng8 57.Qd8 Nf6 58.Bg6 Rb8 59.Bxe8 1-0

[Event "2nd EUR-ch (w)"]
[Site "Warsaw POL"]
[Date "2001.04.26"]
[Round "5.15"]
[White "Cherednichenko, Svetlana"]
[Black "Shumiakina, Tatiana"]
[Result "1/2-1/2"]
[WhiteElo "2203"]
[BlackElo "2376"]
[EventDate "2001.04.21"]
[PlyCount "84"]

1.d4 d5 2.c4 e6 3.Nc3 c6 4.cxd5 exd5 5.Qc2 Bd6 6.e3 Nf6 7.Bd3 O-O 8.Nf3 
Re8 9.O-O Nbd7 10.a3 Nf8 11.b4 a6 12.Bb2 Ng6 13.Rfe1 Bc7 14.Nd2 Ng4 15.Nf1
Qh4 16.g3 Qh3 17.f3 Nf6 18.e4 dxe4 19.Nxe4 Nxe4 20.fxe4 Bb6 21.Ne3 Be6 22.
Bf1 Qh5 23.Qc3 f6 24.Rad1 Ne7 25.Nc4 Bc7 26.Ne3 Rad8 27.Ng2 Ng6 28.Qe3 Bb6
29.Nf4 Nxf4 30.gxf4 Bd5 31.Bg2 f5 32.e5 Re6 33.Bxd5 Rxd5 34.Rd2 Qh4 35.Kf1
Kf7 36.Ree2 Rg6 37.Rg2 Rg4 38.Rxg4 Qxg4 39.Ke1 Ke6 40.h3 Qh4+ 41.Kd1 g6 
42.Kc2 a5 1/2-1/2